SAT Words Impossible Click Quiz - E - Statistics

General Stats
  • This quiz has been taken 204 times
  • The average score is 6 of 18
Answer Stats
Hint Answer % Correct
Young hawk; unfledged bird Eyas
58%
A burp or belch Eructation
56%
Group of nine Ennead
54%
Substitute, imitation Ersatz
54%
Inside or passing through an animal Endozoic
53%
Striptease performer Ecdysiast
51%
Critical explanation of a text Exegesis
44%
Omission of a sound or syllable Elision
43%
Opening in a wall, often for cannons to fire Embrasure
39%
Relating to charity or donations Eleemosynary
30%
Relating to soil Edaphic
29%
Small in quantity; inadequate Exiguous
29%
Plumpness; fullness of figure Embonpoint
22%
Enthusiastic praise Encomium
20%
Handbook, manual Enchiridion
19%
Introductory portion of a speech Exordium
19%
Abnormal condition of irritability or excitement Erethism
17%
State where potential is complete and fully realized Entelechy
11%
No matching quizzes found
Score Distribution
Percent of People with Each Score
Percentile by Number Answered
Your Score History
You have not taken this quiz